000 00989nam a2200289 i 4500
003 EG-GICUC
005 20260502100421.0
008 260502s1905 -ukab||fr|||| 001 0 eng d
040 _aEG-GiCUC
_beng
_cEG-GiCUC
_dEG-GiCUC
_erda
041 0 _aeng
082 0 4 _221
_a342.042
_bTO . H
092 0 4 _221
099 _aLaw1 08 342.042 TO . H 1905
100 1 _aTout, T. F
_eAuthor.
245 1 4 _aThe History Of England :
_nIII,
_pFrom The Accession Of Henry Iii. To The Death Of Edward Iii. (1216-1377) /
_bBy T. F. Tout, M.a.
264 1 _aLondon :
_bLongmans, Green, And Co,
_c1905.
300 _a469 pages :
_billustrations,
_c24 cm
336 _2rda content
_atext
337 _2rda media
_aComputer
338 _2rda carrier
_aOnline Resource
504 _aIncludes bibliographical references and index.
546 _aText in English
650 1 4 _aConstitutional law
856 4 0 _uhttps://fll.law.cu.edu.eg/fulltext/bks/B08-04933.pdf
905 _a48
942 _2ddc
_cBK
_e21
_n0
999 _c74765
_d74765